<?xml version="1.0" encoding="UTF-8"?>
<record
    xmlns:xsi="http://www.w3.org/2001/XMLSchema-instance"
    xsi:schemaLocation="http://www.loc.gov/MARC21/slim http://www.loc.gov/standards/marcxml/schema/MARC21slim.xsd"
    xmlns="http://www.loc.gov/MARC21/slim">

  <leader>00879nam a22002297a 4500</leader>
  <controlfield tag="003">OSt</controlfield>
  <controlfield tag="005">20210416100255.0</controlfield>
  <controlfield tag="008">100322s2020    dr   a      000 0 spa d</controlfield>
  <datafield tag="020" ind1=" " ind2=" ">
    <subfield code="a">9789945096064</subfield>
  </datafield>
  <datafield tag="040" ind1=" " ind2=" ">
    <subfield code="a">DO-SdBNP</subfield>
    <subfield code="b">spa</subfield>
    <subfield code="c">BNPHU</subfield>
  </datafield>
  <datafield tag="082" ind1=" " ind2="4">
    <subfield code="a">920.7</subfield>
    <subfield code="b">L961b</subfield>
    <subfield code="2">22</subfield>
  </datafield>
  <datafield tag="100" ind1="1" ind2=" ">
    <subfield code="a">Luna Hidalgo, Ram&#xF3;n </subfield>
    <subfield code="9">37920</subfield>
    <subfield code="d">1971-</subfield>
  </datafield>
  <datafield tag="245" ind1="1" ind2="0">
    <subfield code="a">Biograf&#xED;as de personas valiosas del municipio de Las Gu&#xE1;ranas /</subfield>
    <subfield code="c">Ram&#xF3;n Luna Hidalgo </subfield>
  </datafield>
  <datafield tag="260" ind1=" " ind2=" ">
    <subfield code="a">San Francisco de Macor&#xED;s, Rep&#xFA;blica Dominicana :</subfield>
    <subfield code="b">Rafy,</subfield>
    <subfield code="c">2020.</subfield>
  </datafield>
  <datafield tag="300" ind1=" " ind2=" ">
    <subfield code="a">232 p. :</subfield>
    <subfield code="b">il.</subfield>
    <subfield code="c">21 cm.</subfield>
  </datafield>
  <datafield tag="500" ind1=" " ind2=" ">
    <subfield code="a">Incluye datos biogr&#xE1;ficos del autor en la contracubierta </subfield>
  </datafield>
  <datafield tag="590" ind1=" " ind2=" ">
    <subfield code="a">Inventariado, 2021/ YL</subfield>
  </datafield>
  <datafield tag="590" ind1=" " ind2=" ">
    <subfield code="a">La biblioteca posee un (1) ejemplar autografiado por el autor.</subfield>
  </datafield>
  <datafield tag="651" ind1=" " ind2="4">
    <subfield code="a">Las Gu&#xE1;ranas (Rep&#xFA;blica Dominicana)</subfield>
    <subfield code="v">Biograf&#xED;as </subfield>
    <subfield code="9">78404</subfield>
  </datafield>
  <datafield tag="910" ind1=" " ind2=" ">
    <subfield code="a">YLOCKWARD/Validado. Control de calidad MFF</subfield>
  </datafield>
  <datafield tag="942" ind1=" " ind2=" ">
    <subfield code="2">ddc</subfield>
    <subfield code="c">LBS1</subfield>
  </datafield>
  <datafield tag="952" ind1=" " ind2=" ">
    <subfield code="0">0</subfield>
    <subfield code="1">0</subfield>
    <subfield code="2">ddc</subfield>
    <subfield code="5">1</subfield>
    <subfield code="7">1</subfield>
    <subfield code="8">PD</subfield>
    <subfield code="a">BNPHU</subfield>
    <subfield code="b">PD</subfield>
    <subfield code="c">HD</subfield>
    <subfield code="d">2021-03-03</subfield>
    <subfield code="e">Ram&#xF3;n Luna Hidalgo</subfield>
    <subfield code="l">0</subfield>
    <subfield code="o">BNPHU R-PD 920.7 L961b </subfield>
    <subfield code="p">2021-0871</subfield>
    <subfield code="r">2021-03-16</subfield>
    <subfield code="w">2021-03-16</subfield>
    <subfield code="y">LFPD</subfield>
  </datafield>
  <datafield tag="952" ind1=" " ind2=" ">
    <subfield code="0">0</subfield>
    <subfield code="1">0</subfield>
    <subfield code="2">ddc</subfield>
    <subfield code="5">1</subfield>
    <subfield code="7">2</subfield>
    <subfield code="8">PD</subfield>
    <subfield code="a">BNPHU</subfield>
    <subfield code="b">PD</subfield>
    <subfield code="c">HD</subfield>
    <subfield code="d">2021-03-03</subfield>
    <subfield code="e">Ram&#xF3;n Luna Hidalgo</subfield>
    <subfield code="l">0</subfield>
    <subfield code="o">BNPHU R-PD 920.7 L961b </subfield>
    <subfield code="p">2021-0872</subfield>
    <subfield code="r">2021-03-16</subfield>
    <subfield code="t">e. 2</subfield>
    <subfield code="w">2021-03-16</subfield>
    <subfield code="y">LFPD</subfield>
  </datafield>
  <datafield tag="952" ind1=" " ind2=" ">
    <subfield code="0">0</subfield>
    <subfield code="1">0</subfield>
    <subfield code="2">ddc</subfield>
    <subfield code="5">6</subfield>
    <subfield code="7">0</subfield>
    <subfield code="8">DS</subfield>
    <subfield code="a">BNPHU</subfield>
    <subfield code="b">GR</subfield>
    <subfield code="c">HD</subfield>
    <subfield code="d">2021-03-03</subfield>
    <subfield code="e">Ram&#xF3;n Luna Hidalgo</subfield>
    <subfield code="l">0</subfield>
    <subfield code="o">BNPHU R-DS 920.7 L961b</subfield>
    <subfield code="p">2021-0873</subfield>
    <subfield code="r">2021-03-16</subfield>
    <subfield code="t">e. 3</subfield>
    <subfield code="w">2021-03-16</subfield>
    <subfield code="y">LFDS</subfield>
  </datafield>
  <datafield tag="999" ind1=" " ind2=" ">
    <subfield code="c">49575</subfield>
    <subfield code="d">49575</subfield>
  </datafield>
</record>
